Statystyki dla Najważniejsze Święta Katolickie

Kliknij tutaj aby rozwiązać quiz!

Ogólne statystyki

  • Ten quiz został rozwiązany 344 razy
  • Średni wynik to 7 z 17

Statystyki odpowiedzi

DataŚwięto% Poprawnych
25.12Boże Narodzenie
97%
RuchomeWielkanoc
91%
06.01Objawienie Pańskie
84%
01.01Świętej Bożej Rodzicielki
75%
01.11Wszystkich Świętych
72%
RuchomeBoże Ciało
70%
15.08Wniebowzięcie NMP
49%
RuchomeWniebowstąpienie
39%
26.12Św. Szczepana
36%
RuchomeZesłanie Ducha Świętego
28%
25.03Zwiastowanie Pańskie
21%
29.06Św. Piotra i Pawła
20%
02.02Ofiarowanie Pańskie
18%
19.03Św. Józefa
16%
RuchomePoniedziałek Wielkanocny
13%
08.12Niepokalanego Poczęcia NMP
8%
06.06NMP Matki Kościoła
4%

Rozkład punktacji

Percentyl według liczby udzielonych odpowiedzi

Procent ludzi z każdym wynikiem

Twoja historia wyników

Nie rozwiązałeś tego quizu